| 000 | 00559nam a2200217 a 4500 | ||
|---|---|---|---|
| 999 |
_c4250 _d4250 |
||
| 001 | 4250 | ||
| 003 | BD-JhCC | ||
| 005 | 20171125180549.0 | ||
| 008 | 171125s19441961n |||| || | 000 0 eng d | ||
| 035 | _a(BD-JhCC)4250 | ||
| 040 |
_aBD-JhCC _dBD-JhCC |
||
| 041 | _aeng | ||
| 082 |
_a822.33 _bDAV 1961 |
||
| 100 | _aDavid, Sister M. Agnes | ||
| 245 |
_aModern American Drama / _cSister M. Agnes David, |
||
| 260 |
_aNew York : _bThe Macmillan Company, _c1961 |
||
| 300 |
_a235 P. : _c20 cm. |
||
| 650 | _aenglish Drama | ||
| 942 |
_2ddc _cBK |
||